| 000 | 00767npc a2200229Ia 4500 | ||
|---|---|---|---|
| 001 | db7-1987 [d000002088] | ||
| 003 | IT-MiCISF | ||
| 008 | 161014s9999||||xx | und|| | ||
| 040 |
_aIT-MiCISF _cIT-MiCISF |
||
| 041 | _aen | ||
| 100 | _aBraine Bernard | ||
| 240 | _aUpholding Human Dignity: Ethical Alternatives to Human Embryo Research | ||
| 245 | 0 | _aUpholding Human Dignity: Ethical Alternatives to Human Embryo Research | |
| 250 | _a1a ed. | ||
| 260 |
_a United Kingdom _bParliamentary Medical and Scientific Advisory Committee _c1994 |
||
| 300 | _app. 35 | ||
| 500 | _aChargaff E., Lejeune J., McLean J. / bioetica, embrione, tecnologie-riproduttive / | ||
| 650 | _abioetica | ||
| 700 | _aAA.VV. | ||
| 942 | _cDD | ||
| 957 | _71 | ||
| 999 |
_a1987 _bsi _g1 _c208368 _d208368 |
||